Paises con más población judía - Estadísticas

Estadísticas generales
  • Esta prueba ha sido intentada 111 veces
  • La puntuación promedio es 10 de 10
Estadísticas de respuestas
Continente Número de judíos Respuesta % Correcto
Europa 125.000 Alemania
100%
América del Norte 6.300.000 Estados Unidos
100%
Asia 7.500.000 Israel
99%
Oceanía 117.000 Australia
97%
América del Norte 400.000 Canadá
97%
Europa 454.500 Francia
97%
América del Sur 170.000 Argentina
95%
Europa 315.000 Reino Unido
95%
América del Sur 90.3000 Brasil
94%
Asia 125.000 Rusia
80%
No se encontraron pruebas coincidentes
Distribución de puntuación
Porcentaje de gente con cada puntuación
Porcentaje por número respondido
Historial de tus puntuaciones
No has intentado esta prueba.